000 00497nam a2200169Ia 4500
999 _c2713
_d2713
003 OSt
005 20200814103322.0
008 190216s9999||||xx |||||||||||||| ||und||
040 _coclc
082 _a543
_bBUS/A
100 _aBusev, A I
_94122
245 0 _aAnalytical Chemistry Of Rare Elements /
_cA I Busev ; V G Tiptsova ; V M Ivanov
260 _bMir Publishers,
_c1978.
_aMoscow:
300 _a416p
650 _aChemistry
942 _cBK
_2ddc
_h543
_iBUS/A
_k543
_mBUS/A